|
|
|
|
| LEADER |
00837cam a2200253 7i4500 |
| 001 |
0000036187 |
| 005 |
20191129090000.0 |
| 007 |
##ta |
| 008 |
191129s2019 enk b 001 0 eng |
| 020 |
# |
# |
|a 9781138670099
|
| 040 |
# |
# |
|a MATR
|
| 090 |
0 |
0 |
|a B 384
|b DEB
|
| 100 |
1 |
# |
|a De Beukelaer, Christiaan,
|d 1986-
|e author
|
| 245 |
1 |
0 |
|a Global cultural economy
|c Christiaan De Beukelaer and Kim-Marie Spence.
|
| 264 |
# |
1 |
|a Abingdon, Oxon
|a New York, NY:
|b Routledge,
|c 2019.
|
| 300 |
# |
# |
|a xvi, 184 pages;
|c 20 cm.
|
| 336 |
# |
# |
|a text
|2 rdacontent
|
| 337 |
# |
# |
|a unmediated
|2 rdamedia
|
| 338 |
# |
# |
|a volume
|2 rdacarrier
|
| 504 |
# |
# |
|a Includes bibliographical references and index
|
| 650 |
# |
0 |
|a Cultural industries
|
| 650 |
# |
0 |
|a Culture --
|x Economic aspects
|
| 700 |
1 |
# |
|a Spence, Kim-Marie
|
| 999 |
|
|
|a B000040924
|b Book
|c Book
|e Business Information Centre
|